000
00305nam a22001217a 4500
008
230704b xxu||||| |||| 00| 0 eng d
082
_a
341.24
_b
EAC
100
_c
EAC
245
_a
Proceedings of the East African Legislative Assembly Debates
260
_a
Arusha
_c
1969
300
_a
851p
942
_2
ddc
_c
BK
999
_c
3650
_d
3650